| 000 | 00987cab a2200277 4500 | ||
|---|---|---|---|
| 001 | ABS58431 | ||
| 008 | 090401t1998 xxu||||| |||| 00| 0 eng d | ||
| 035 | _a(Sirsi) u84705 | ||
| 041 | _aeng | ||
| 100 | _aMoore, L. | ||
| 245 | _aCause for concern over clear definitions | ||
| 260 | _c1998 | ||
| 350 | _a0 | ||
| 490 |
_aProperty Week _v62(7) 27 February 1998, 28(1) |
||
| 520 | _aReviews recent House of Lords decisions on the meaning of `causing` contamination. Concludes that any person failing to take precautions regarding the risk of hazardous materials escaping could be held liable if pollution occurs. | ||
| 650 | _aALPHACELL LTD V WOODWARD | ||
| 650 | _aCONTAMINATED LAND | ||
| 650 | _aEMPRESS CAR CO (ABERTILLERY) LTD V NATIONAL RIVERS AUTHORITY | ||
| 650 | _aENVIRONMENT ACT 1995 | ||
| 650 | _aLIABILITY | ||
| 650 | _aPOLLUTION | ||
| 650 | _aWATER RESOURCES ACT 1991 | ||
| 690 | _aENVIRONMENTAL AND LAND CONSULTANCY | ||
| 942 | _n0 | ||
| 948 | _c05/03/1998 | ||
| 999 |
_c53267 _d53267 |
||